000 00353nam a2200133 a 4500
005 20140414131905.0
008 100901s19uu xx 00 eng d
050 _aFIC
_bSt5 2004
100 _aStilton, Geronimo
245 _aThe temple of the ruby of fire.
260 _aNew York :
_bScholastic,
_c2004.
440 _aGeronimo Stilton
999 _c110874
_d110874